La política. Metódicamente concebida e ilustrada con ejemplos sagrados y profanos.

Guardat en:
Dades bibliogràfiques
Autor principal: Altusio, Juan (Althusius) (autor)
Altres autors: Mariño, Primitivo (traducción del latín, introducción, notas críticas)
Format: Llibre
Idioma:espanyol
Publicat: Madrid, España: Centro de Estudios Constitucionales, 1990.
Col·lecció:Clásicos Políticos.
Matèries:
Etiquetes: Afegir etiqueta
Sense etiquetes, Sigues el primer a etiquetar aquest registre!

MARC

LEADER 00000nam a2200000 a 4500
001 UCP4891
003 CL-VaPUC
005 20220822114340.0
008 990821e19900000SP |||||||||||||||||spa|d
999 |c 282784  |d 282782 
020 |a 84-259-0860-4 
040 |c Pontificia Universidad Católica de Valparaíso 
082 0 4 |a 340.11 ALT 1990  |2 21 
100 0 |a Altusio, Juan  |e autor  |9 432869  |c (Althusius) 
245 1 3 |a La política.  |b Metódicamente concebida e ilustrada con ejemplos sagrados y profanos.  
260 |a Madrid, España:   |b Centro de Estudios Constitucionales,   |c 1990.  
300 |a XLIV, 713 páginas.  
490 |a Clásicos Políticos. 
500 |a c.2 Donación Familia Prof. Alejandro Guzmán Brito. 
583 |a last modification  |c 19990821 00:00:00  |k Rodrigo Vera 
650 0 |a Ciudadanía  |9 258339 
650 0 |a Derecho y política  |9 257017 
650 0 |a Política  |9 255312 
650 0 |a Soberanía  |9 266726 
650 0 |a Filosofía del derecho   |9 255050 
700 |a Mariño, Primitivo  |e traducción del latín  |e introducción  |e notas críticas  |9 866092 
942 |c BK  |2 ddc  |n 0 
945 |d 19990821 00:00:00  |a vberengu 
952 |0 0  |1 0  |4 0  |6 340_110000000000000_ALT_1990  |7 0  |8 DER_TF  |9 325180  |a BIBDER  |b BIBDER  |d 2019-11-20  |i 3536114  |l 1  |o 340.11 ALT 1990  |p 3536114  |r 2023-01-25  |s 2020-03-16  |w 2019-11-20  |x Ubicación 4to Piso  |y BK  |z Estos recursos deben solicitarse con anticipación  |k DER